000 00392nam a2200121Ia 4500
008 220615s9999||||xx |||||||||||||| ||und||
100 _aShepherd, Joshua
245 0 _aChapter 4 The Folk Psychological Roots of Free Will
546 _aEnglish[eng]
650 _afree will; psychology
856 _uhttps://library.oapen.org/bitstream/20.500.12657/49427/1/Bookshelf_NBK464490.pdf
942 _cEB
999 _c12702
_d12702